000 00370nam a22001217a 4500
008 230518b |||||||| |||| 00| 0 eng d
022 _a0970-6984
040 _aNational Science Library
_cNational Science Library
245 _aJournal of Indian water resources society
260 _aRoorkee:
_bIndian Water Resources Society,
_c1995
310 _aQuarterly
942 _cCR
999 _c32058
_d32058